Teoría general de la programación: decisiones óptimas

Furkejuvvon:
Bibliográfalaš dieđut
Váldodahkki: Lange, Oskar (Dahkki)
Materiálatiipa: Girji
Giella:espánnjágiella
Almmustuhtton: Barcelona Ariel 1971
Ráidu:Demos. Biblioteca de Ciencia Económica
Fáttát:
Fáddágilkorat: Lasit fáddágilkoriid
Eai fáddágilkorat, Lasit vuosttaš fáddágilkora!

MARC

LEADER 00000nam a2200000 a 4500
001 UCQ1125
003 CL-VaPUC
008 980709e19710000SP |||||||||||||||||spa|d
082 0 4 |a 330.1543  |b LAN  |2 21 
100 |a Lange, Oskar  |e author  |9 527754 
245 1 0 |a Teoría general de la programación: decisiones óptimas 
300 |a 410 p 
942 |c BK 
945 |d 19980709 00:00:00  |a cmena 
260 |a Barcelona  |b Ariel  |c 1971 
650 0 |a Economía   |9 255568 
650 0 |a Matemática aplicada   |9 260236 
650 0 |a Toma de decisiones   |9 257530 
650 0 |a Programación dinámica   |9 324757 
650 0 |a Programación lineal   |9 23 
650 0 |a Geometría   |9 264063 
583 |a last modification  |c 19980709 00:00:00  |k Rodrigo Vera 
490 0 |a Demos. Biblioteca de Ciencia Económica 
999 |c 272129  |d 272127